000 00573nam a2200241Ia 4500
005 20250425161808.0
008 250425s9999 xx 000 0 und d
020 _a9688807583
041 _aspa
082 _a658.834
100 _aWILLINGHAM, RON
245 0 _aESCUCHAME SOY TU CLIENTE
250 _a1A ED.
260 _aMEXICO
260 _aMéxico
_bPRENTICE HALL
_c1996
300 _a142
650 _aCLIENTES
650 _aMARKETING
650 _aSERVICIO AL CLIENTE
700 _aPILAR MASCARO SACRISTAN
_etraductor
942 _c01
010 _a29917
999 _c216250
_d216250